Statistics for Countries of the War for Austrian Succession

Click here to take the quiz!

General Stats

  • This quiz has been taken 76 times
    (70 since last reset)
  • The average score is 11 of 16

Answer Stats

Answer% Correct
France
95%
Russia
95%
Spain
93%
Austria
89%
Prussia
86%
Great Britain
82%
The Netherlands
79%
Bavaria
74%
Sweden
70%
Hungary
65%
Saxony
63%
Hanover
49%
Naples
39%
Savoy-Sardinia
39%
Bohemia
32%
Genoa
26%

Score Distribution

Percentile by Number Answered

Percent of People with Each Score

Your Score History

You have not taken this quiz since the last reset